000 00452nam a2200181Ia 4500
001 5009
005 20260306145836.0
008 260306t2007||||xx |||||||||||||| ||spa||
041 _aESP
082 _a332.6
_bR76
100 _aRodríguez Sosa, Jorge
_eAUT
245 0 _aEvaluación de proyectos de desarrollo local texto impreso
260 _c2007
300 _a156 páginas :
_ccm.
650 _aGEN
654 _aCAN
942 _cLIB
_dJUS
_fJUS
_2ddc
_n
999 _c5009
_d5009